AP Donald Trump Quiz - Statistics

General Stats
  • This quiz has been taken 39 times
  • The average score is 38 of 79
Answer Stats
Hint Answer % Correct
What is his middle name? John
92%
Which city was he born in? New York City
89%
What year was he born in? 1946
83%
Is he a good president? Yes
78%
Melania
75%
Which political party is he in? Republican
75%
Is he a billionaire? Yes
72%
Which year did Trump announce his candidacy? 2015
69%
Barron
69%
His religion Christian
69%
Pandemic that struck the world during his first term COVID-19
69%
Has he ever used alcohol, smoked, or used drugs? No
69%
Name his five children (first names) Donald
67%
His main opponent in the 2016 election Hillary Clinton
67%
War that he ended in October, 2025, between Hamas and ______ Israel
67%
Ivanka
67%
What he wanted to build on the Mexican border Wall
67%
Agency that organized mass deportations under his term ICE
64%
His Vice President JD Vance
64%
Democratic candidate he lost to in that election Joe Biden
64%
Candidate he ran against in the 2024 election Kamala Harris
64%
Campaign Slogan Make America Great Again
64%
Did he incite that attack? No
64%
What age did he become a millionaire in? 8
61%
Day on which his supporters stormed the Capitol January 6
61%
Which month in 2016 did he become the Republican frontrunner? March
61%
Country whose government he toppled in January 2026 Venezuela
61%
Eric
58%
Controversial financier he had a friendship with Jeffrey Epstein
58%
Social Media he refused to enforce the national ban on TikTok
58%
Penatly he advocated for: _____ Death
56%
Billionaire who was a senior advisor to him Elon Musk
56%
Resort he bought in 1985 Mar-A-Lago
56%
Where he banned transgender people from serving Military
56%
Leader of that country who was taken to the US to stand trial Nicolas Maduro
56%
Was he penalized for his only conviction? No
56%
Meme Coin he launched upon taking office $Trump
56%
Name his three wives (first names) Ivana
53%
Which day in 2017 was he inaugurated as President? January 20
53%
Which month did he become the presumptive nominee in? May
53%
His Secretary of Defense Pete Hegseth
53%
Bill that gave significant tax cuts to the wealthy: One ___ ________ Bill Act Big Beautiful
50%
States he was indicted in on state charges New York
50%
NBC reality show he hosted The Apprentice
47%
Temporary agency he ran Department of Government Efficiency
44%
What was his father's name? Fred
44%
His Secretary of Homeland Security Kristi Noem
44%
His Secretary of State Marco Rubio
44%
Tiffany
44%
State he won in 2024 that he did not win in 2016 Nevada
42%
Type of experience that Trump did not have prior to becoming President: Military or ______ Political
42%
How many electoral votes did he get in 2016? 304
39%
His Attorney General Pam Bondi
39%
Ghostwritten 1987 memoir The Art of the Deal
39%
How many of those indictments were dismissed? 3
36%
How many executive orders did he sign in his first week? 6
36%
Vote that he lost Popular
36%
Amy Coney Barrett
33%
Brett Kavanaugh
33%
What is his birthdate? June 14
33%
How many electoral votes did he receive in the 2020 election? 232
31%
Marla
31%
Term he used to refer to his foreign policy America First
25%
What is his bachelor's Degree in? Economics
25%
State and district he was indicted in on federal charges Florida
25%
Georgia
25%
His Secretary of the Treasury Scott Bessent
25%
What is his organization called? Trump Organization
22%
2017 legislation that cut taxes for businesses and individuals Tax Cuts and ____ Act of 2017 Jobs
19%
Woman who accused him of SA E. Jean Carroll
17%
Pageant he purchased Miss Universe
17%
Supreme Court Justices he appointed Neil Gorsuch
17%
Middle East peace agreement he oversaw in 2020 Abraham Accords
14%
Climate agreement he withdrew from Paris Agreement
11%
Washington, DC
11%
Annual Refugee Limit in his first term 15000
8%
What high school did he go to? New York Military Academy
8%
Economic Stimulus he signed during the above CARES Act
6%
What university did he go to? University of Pennsylvania
6%
No matching quizzes found
Score Distribution
Percent of People with Each Score
Percentile by Number Answered
Your Score History
You have not taken this quiz